00821nam a2200193 a 450000100100000000500170001000800410002704000250006808200150009311100940010824501510020226000690035330000200042249000140044283000230045604900090047995201220048899900170061000002844820200930054941.0110408s1997 dr 000 0 spa d aDO-SdBNPbspacBNPHU axxxbA838d1 aConferencia de aspectos de la diplomacia pontificiad1997 ene. 22 :cSanto Domigo)95539610aAspectos de la diplomacia pontificia :bS. E. R. Mons. Francisco Bacqué Nuncio Apostólico de S. S. Juan Pablo II en la República Dominicana. aSanto Domingo :bEdiciones Alandar, UCSD,c1997.fEditora Búho a22 P. ;c21 cm.1 aHumusv15 0aHumus ;v15955397 aBNPD 001054708PDaPDbPDcCTd2011-04-08iLF1l0oxxx A838dp28448-10r2020-06-25w2020-06-25yLFPDZPréstamo en sala c27940d27940